000
00248nam a2200109Ia 4500
005
20251222144829.0
008
251222s9999||||xx |||||||||||||| ||spa||
082
_a
659.2/R38/Ej.2
245
0
_a
Relaciones Públicas:
264
_b
USMP
942
_c
LIB
999
_c
20773
_d
20773